Normal view
MARC view
- PhD-PhD-Materials Engineering
Entry Topical Term
001 - CONTROL NUMBER
- control field: 123414
003 - CONTROL NUMBER IDENTIFIER
- control field: NUST
005 - DATE AND TIME OF LATEST TRANSACTION
- control field: 20240610162058.0
008 - FIXED-LENGTH DATA ELEMENTS
- fixed length control field: 240610|| aca||aabn | a|a d
040 ## - CATALOGING SOURCE
- Original cataloging agency: NUST
- Transcribing agency: NUST
150 ## - HEADING--TOPICAL TERM
- Topical term or geographic name entry element: PhD-PhD-Materials Engineering
670 ## - SOURCE DATA FOUND
- Source citation: Work cat.: (NUST)527879: Iqbal, Nadeem 19375, Ablatives Based on Multiple Reinforced Elastomeric Composites for Aerospace Applications /, 2013.
